India's economic cooperation with ASEAN: a study of post 1996 period (Record no. 15496)
[ view plain ]
| 000 -LEADER | |
|---|---|
| fixed length control field | 00532nam a2200157Ia 4500 |
| 082 ## - DEWEY DECIMAL CLASSIFICATION NUMBER | |
| Classification number | TS.1069 |
| 100 ## - MAIN ENTRY--AUTHOR NAME | |
| Personal name | Sharma, Haldhar |
| 245 #0 - TITLE STATEMENT | |
| Title | India's economic cooperation with ASEAN: a study of post 1996 period |
| 260 ## - PUBLICATION, DISTRIBUTION, ETC. (IMPRINT) | |
| Place of publication | Indore |
| Name of publisher | Devi ahilya vishwavidyalaya |
| Year of publication | 2010 |
| 504 ## - BIBLIOGRAPHY, ETC. NOTE | |
| Bibliography, etc | includes bibliography |
| 650 ## - SUBJECT ADDED ENTRY--TOPICAL TERM | |
| Topical Term | India |
| Form subdivision | Foreign economic relations |
| -- | ASEAN |
| Geographic subdivision | 1996- |
| 650 ## - SUBJECT ADDED ENTRY--TOPICAL TERM | |
| Topical Term | ASEAN |
| Form subdivision | Foreign economic relations |
| -- | India |
| Geographic subdivision | 1996- |
| 650 ## - SUBJECT ADDED ENTRY--TOPICAL TERM | |
| Topical Term | International economic relations |
| Geographic subdivision | 1996- |
| 710 ## - ADDED ENTRY--CORPORATE NAME | |
| Corporate name or jurisdiction name as entry element | Kawadia, Ganesh |
| 942 ## - ADDED ENTRY ELEMENTS (KOHA) | |
| Koha item type | Thesis |
| Source of classification or shelving scheme | Dewey Decimal Classification |
| Withdrawn status | Lost status | Damaged status | Not for loan | Home library | Current library | Date acquired | Bill Date | Full call number | Accession Number | Price effective from | Koha item type |
|---|---|---|---|---|---|---|---|---|---|---|---|
| NASSDOC Library | NASSDOC Library | 20/04/2012 | 2009-09-24 | TS.1069 | 47627 | 18/04/2019 | Thesis |
